Estructuras de la comunicación y de la cultura: políticas para la era digital
Αποθηκεύτηκε σε:
| Κύριος συγγραφέας: | |
|---|---|
| Μορφή: | Βιβλίο |
| Γλώσσα: | Ισπανικά |
| Έκδοση: |
Barcelona
Gedisa S. A
2011
|
| Έκδοση: | 1a. ed |
| Σειρά: | Comunicación, 35
|
| Θέματα: | |
| Ετικέτες: |
Προσθήκη ετικέτας
Δεν υπάρχουν, Καταχωρήστε ετικέτα πρώτοι!
|
MARC
| LEADER | 00000cam a2200000 a 4500 | ||
|---|---|---|---|
| 001 | UCC5854 | ||
| 003 | CL-VaPUC | ||
| 008 | 181031e20110000sp |||||||||||||||||spa|d | ||
| 020 | |a 9788497846653 | ||
| 082 | 0 | 4 | |a 302.23 |b ZAL |2 21 |
| 100 | 0 | |a Zallo Elguezabal, Ramón |e author |9 600260 | |
| 245 | 1 | 0 | |a Estructuras de la comunicación y de la cultura: políticas para la era digital |
| 250 | |a 1a. ed | ||
| 300 | |a 414 p | ||
| 942 | |c BK | ||
| 945 | |d 20181031 17:21:00 |a dcastane | ||
| 260 | |a Barcelona |b Gedisa S. A |c 2011 | ||
| 650 | 0 | |a Medios de comunicación |9 257206 | |
| 650 | 0 | |a Cambio social |9 256857 | |
| 650 | 0 | |a Desarrollo cultural y social |9 432209 | |
| 583 | |a last modification |c 20181031 17:21:00 |k Rodrigo Vera | ||
| 490 | 0 | |a Comunicación, 35 | |
| 999 | |c 372963 |d 372961 | ||
| 952 | |0 0 |1 0 |3 erb |4 0 |6 302_230000000000000_ZAL_2011 |7 0 |8 A |9 490855 |a BIBCUR |b BIBCUR |i 5511631 |l 2 |o 302.23 ZAL 2011 |p 5511631 |r 2025-04-22 |s 2022-06-09 |w 2019-11-24 |y BK |z Catalogado en:20181031 |k PER | ||